000
00339nam a2200145Ia 4500
008
150201s2009 xx 000 0 und d
082
_a
617.6
_b
O09B
100
_a
BHALAJHI,S I
245
_a
ORTHODONTICS THE ART & SCIENCE
250
_a
4TH
260
_b
ARYA PUB.
_a
DELHI
_c
2009
300
_a
1-552
650
_a
DENTISTRY
942
_2
ddc
_c
BK
999
_c
395
_d
395